00739cam a22002177a 4500008004100000020002500041100001900066245012800085260004100213300003300254440005000287504004100337500002000378650003800398650002300436700002000459700001500479003000100494005001700495040000900512  a9780470467268 (pbk.)1 aBurbank, Jack.13aAn introduction to network modeling and simulation for the practicing engineer /cby Jack Burbank, William Kasch, Jon Ward. aHoboken :bJohn Wiley & Sons,c2011. axi, 203 p. :bill. ;c24 cm. aComSoc guides to communications technologies. aIncludes bibliographical references. aIncludes index. 0aEngineeringxComputer simulation. 0aComputer networks.1 aKasch, William.1 aWard, Jon.20230123122304.0 cNUST